[Event "South Wales op 20th"]
[Site "Bridgend"]
[Date "2025.07.04"]
[Round "1"]
[White "Hurn, Robert AJ"]
[Black "Waddington, Mike P"]
[Result "0-1"]
[WhiteElo "1656"]
[BlackElo "1982"]
[PlyCount "48"]
[EventDate "2025.07.04"]
[EventType "swiss"]
[EventRounds "9"]
[EventCountry "WLS"]
[SourceTitle "CB29_2025"]
[SourceDate "2025.07.16"]
[SourceVersion "1"]
[SourceVersionDate "2025.07.16"]
[SourceQuality "1"]

1. d4 f5 2. Nc3 d5 3. Bf4 Nf6 4. e3 a6 5. Nf3 e6 6. Bd3 c5 7. dxc5 Bxc5 8. 0-0 0-0 9. Ne2 Nc6 10. c4 d4 11. h3 dxe3 12. Bxe3 Bxe3 13. fxe3 e5 14. Bb1 Be6 15. b3 Qb6 16. Qc1 g6 17. Kh1 Rad8 18. Ng5 Bc8 19. Nc3 e4 20. h4 Ne5 21. Bc2 Neg4 22. Re1 Qc7 23. Kg1 Qh2+ 24. Kf1 Qh1+ 0-1

[Event "Jersey op-A"]
[Site "St Clement Bay"]
[Date "2025.04.12"]
[Round "9"]
[White "Brixel, Christof"]
[Black "Waddington, Mike P"]
[Result "1/2-1/2"]
[WhiteElo "1913"]
[BlackElo "1981"]
[PlyCount "105"]
[EventDate "2025.04.05"]
[EventType "swiss"]
[EventRounds "9"]
[EventCountry "GCI"]
[SourceTitle "CB16_2025"]
[SourceDate "2025.04.16"]
[SourceVersion "1"]
[SourceVersionDate "2025.04.16"]
[SourceQuality "1"]

1. c4 f5 2. Nc3 Nf6 3. g3 g6 4. Bg2 Bg7 5. d3 e5 6. e4 0-0 7. Nge2 Nc6 8. 0-0 d6 9. Nd5 fxe4 10. dxe4 Bg4 11. f3 Be6 12. Bg5 Qd7 13. Rc1 Ne8 14. b4 Nd4 15. Nxd4 exd4 16. Nf4 c6 17. Nd3 Nc7 18. Qd2 Qf7 19. Qc2 Rac8 20. Bf4 Rfd8 21. a3 b6 22. e5 d5 23. c5 Nb5 24. Ra1 Re8 25. Rfe1 Bf5 26. a4 Nc3 27. cxb6 axb6 28. a5 bxa5 29. bxa5 g5 30. Bd2 Qg6 31. Bf1 Bxe5 32. a6 c5 33. a7 Bd6 34. Bxc3 dxc3 35. Qxc3 c4 36. Nb4 Bc5+ 37. Kh1 Be6 38. Ra6 d4 39. Rexe6 dxc3 40. Rxg6+ hxg6 41. Bxc4+ Kg7 42. Nd3 Bxa7 43. Rxa7+ Kh6 44. Bf7 Red8 45. Be6 c2 46. Bxc8 Rxd3 47. Rc7 Rd1+ 48. Kg2 c1Q 49. Rxc1 Rxc1 50. Bb7 Kg7 51. Be4 Kf6 52. Kh3 Ra1 53. Kg4 1/2-1/2

[Event "Jersey op-A"]
[Site "St Clement Bay"]
[Date "2025.04.08"]
[Round "5"]
[White "Waddington, Mike P"]
[Black "Mihevc Mohr, Narcisa"]
[Result "1/2-1/2"]
[WhiteElo "1981"]
[BlackElo "1940"]
[PlyCount "133"]
[EventDate "2025.04.05"]
[EventType "swiss"]
[EventRounds "9"]
[EventCountry "GCI"]
[SourceTitle "CB16_2025"]
[SourceDate "2025.04.16"]
[SourceVersion "1"]
[SourceVersionDate "2025.04.16"]
[SourceQuality "1"]

1. e4 c5 2. Nc3 Nc6 3. f4 g6 4. Nf3 Bg7 5. Bb5 Nd4 6. 0-0 a6 7. Bd3 e6 8. e5 d5 9. Nxd4 cxd4 10. Ne2 Qb6 11. b3 Ne7 12. Bb2 Nc6 13. Qe1 0-0 14. Kh1 f6 15. exf6 Bxf6 16. Qg3 Qc7 17. Rf3 Qg7 18. Raf1 Bd7 19. Ba3 Rf7 20. Bd6 Rd8 21. c3 Be8 22. Bc5 e5 23. fxe5 Bxe5 24. Qh3 dxc3 25. dxc3 Rxf3 26. Qxf3 Bf7 27. Nd4 Nxd4 28. cxd4 Bd6 29. Bxd6 Rxd6 30. Qf4 Rd7 31. Rc1 h6 32. Be2 Kh7 33. h4 Be6 34. Bd3 Rf7 35. Qg3 Bf5 36. h5 Bxd3 37. Qxd3 Qf6 38. hxg6+ Qxg6 39. Qe3 Qe4 40. Qxe4+ dxe4 41. Re1 Re7 42. d5 Kg6 43. d6 Rd7 44. Rxe4 Rxd6 45. Re7 b6 46. Kh2 Kg5 47. Kh3 Kf6 48. Re8 Kg5 49. g3 Kf5 50. Kh4 Rg6 51. Re7 Rg4+ 52. Kh3 Rg6 53. Re8 Kg5 54. Re5+ Kf6 55. Re8 Kg5 56. Rf8 Re6 57. Rf7 Kg6 58. Rd7 Rc6 59. Kg4 Re6 60. Rd5 Re4+ 61. Kf3 Re6 62. g4 Kf6 63. Kf4 Kg6 64. Rd8 Kf6 65. Rd7 Kg6 66. Rd8 Kf6 67. Rd7 1/2-1/2

[Event "BCF-ch Seniors 50"]
[Site "Hull"]
[Date "2024.08.03"]
[Round "6"]
[White "Faulkner, Martin J"]
[Black "Waddington, Mike P"]
[Result "1-0"]
[WhiteElo "1803"]
[BlackElo "1990"]
[PlyCount "87"]
[EventDate "2024.07.29"]
[EventType "swiss"]
[EventRounds "7"]
[EventCountry "ENG"]
[SourceTitle "CBM 221 Extra"]
[Source "ChessBase"]
[SourceDate "2024.09.30"]
[SourceVersion "1"]
[SourceVersionDate "2024.09.30"]
[SourceQuality "1"]

1. c4 g6 2. e4 Bg7 3. d4 d6 4. Nc3 Nf6 5. h3 0-0 6. Bg5 h6 7. Be3 e5 8. d5 Na6 9. Bd3 Nd7 10. Qd2 Kh7 11. Nge2 Nac5 12. Bc2 f5 13. exf5 gxf5 14. g4 Nb6 15. b3 e4 16. Nf4 Qf6 17. Nfe2 fxg4 18. 0-0-0 gxh3 19. Rdg1 Rf7 20. Bd4 Qh4 21. Rxg7+ Rxg7 22. Bxg7 Kxg7 23. Nxe4 Kf8 24. Nxc5 dxc5 25. Nf4 Qf6 26. Qe3 Qa1+ 27. Kd2 Qd4+ 28. Qxd4 cxd4 29. Nxh3 c5 30. Nf4 Kg7 31. Rg1+ Kh8 32. Rg6 Bd7 33. Rxh6+ Kg7 34. Rh7+ Kf6 35. Nh5+ Ke5 36. f4+ Kd6 37. Rh6+ Ke7 38. Rh7+ Kd6 39. Rh6+ Ke7 40. f5 Rg8 41. f6+ Kf7 42. Rh7+ Kf8 43. Nf4 Rg4 44. Bg6 1-0

[Event "BCF-ch Seniors 50"]
[Site "Hull"]
[Date "2024.07.30"]
[Round "2"]
[White "Okike, David"]
[Black "Waddington, Mike P"]
[Result "1-0"]
[WhiteElo "2157"]
[BlackElo "1990"]
[PlyCount "98"]
[EventDate "2024.07.29"]
[EventType "swiss"]
[EventRounds "7"]
[EventCountry "ENG"]
[SourceTitle "CBM 221 Extra"]
[Source "ChessBase"]
[SourceDate "2024.09.30"]
[SourceVersion "1"]
[SourceVersionDate "2024.09.30"]
[SourceQuality "1"]

1. e4 e5 2. Nf3 Nc6 3. Bb5 f5 4. d3 fxe4 5. dxe4 Nf6 6. Qd3 Bc5 7. Qc4 Qe7 8. Bg5 Nd4 9. Bxf6 gxf6 10. Ba4 c6 11. Qd3 Rg8 12. c3 Ne6 13. g3 d6 14. b4 Bb6 15. Nbd2 Bc7 16. Bb3 a5 17. Nh4 axb4 18. Nf5 Qd8 19. cxb4 Rg5 20. Nf3 Rxf5 21. exf5 Ng7 22. g4 d5 23. Qd2 Qe7 24. a3 e4 25. Nd4 Qe5 26. Ra2 Bd7 27. Ne2 Kf8 28. Qd4 Qe7 29. Kf1 Ra6 30. a4 Bb6 31. Qc3 e3 32. f3 Ne8 33. a5 Ba7 34. b5 cxb5 35. Bxd5 Bc6 36. Qb3 h5 37. Nf4 Bxd5 38. Ng6+ Kg7 39. Qxd5 Qc7 40. Kg2 Rd6 41. Qxb5 Rc6 42. Qb4 Nd6 43. Nf4 Rc2+ 44. Kh3 hxg4+ 45. fxg4 Rc4 46. Ne6+ Kf7 47. Rc2 Qc8 48. Rxc4 Nxc4 49. Rd1 Qc6 1-0

[Event "St Veit op 42nd"]
[Site "St Veit"]
[Date "2023.07.11"]
[Round "5"]
[White "Waddington, Mike P"]
[Black "Wiedner, Robert"]
[Result "0-1"]
[WhiteElo "2082"]
[BlackElo "2037"]
[PlyCount "68"]
[EventDate "2023.07.08"]
[EventType "swiss"]
[EventRounds "9"]
[EventCountry "AUT"]
[SourceTitle "CBM 215 Extra"]
[Source "ChessBase"]
[SourceDate "2023.09.30"]
[SourceVersion "1"]
[SourceVersionDate "2023.09.30"]
[SourceQuality "1"]

1. e4 c5 2. Nc3 Nc6 3. f4 d6 4. Nf3 a6 5. d4 cxd4 6. Nxd4 e6 7. Be3 Be7 8. Qd2 Nf6 9. 0-0-0 Bd7 10. Bd3 Nxd4 11. Bxd4 Bc6 12. Kb1 Qc7 13. Rhe1 e5 14. Bg1 b5 15. a3 Nd7 16. g3 0-0 17. Bf1 Rfb8 18. Nd5 Bxd5 19. Qxd5 Nf6 20. Qb3 Qc6 21. Bg2 a5 22. Rd3 Nd7 23. Qd5 Qa6 24. Rd2 Nf6 25. Qd3 Qc6 26. Re3 b4 27. Bf1 bxa3 28. Qxa3 exf4 29. gxf4 Nxe4 30. Rde2 f5 31. Bg2 Bf6 32. Bxe4 fxe4 33. Rb3 Qc4 34. Re1 a4 0-1

[Event "St Veit op 42nd"]
[Site "St Veit"]
[Date "2023.07.09"]
[Round "3"]
[White "Waddington, Mike P"]
[Black "Warzycha, Gerwin"]
[Result "1-0"]
[WhiteElo "2082"]
[BlackElo "1737"]
[PlyCount "65"]
[EventDate "2023.07.08"]
[EventType "swiss"]
[EventRounds "9"]
[EventCountry "AUT"]
[SourceTitle "CBM 215 Extra"]
[Source "ChessBase"]
[SourceDate "2023.09.30"]
[SourceVersion "1"]
[SourceVersionDate "2023.09.30"]
[SourceQuality "1"]

1. e4 e5 2. Nf3 Nc6 3. d4 exd4 4. Nxd4 Bc5 5. Nb3 Bb6 6. Nc3 Nf6 7. Qe2 0-0 8. Bg5 h6 9. Bh4 g5 10. Bg3 d6 11. 0-0-0 Qe7 12. h4 Be6 13. hxg5 hxg5 14. Qd2 Nh7 15. Bd3 Ne5 16. f4 Nxd3+ 17. Qxd3 f5 18. Rde1 Qf7 19. fxg5 f4 20. Bh4 Be3+ 21. Kb1 Kg7 22. Nd4 c6 23. b3 Qg6 24. Nd1 a5 25. Nxe3 fxe3 26. Qxe3 a4 27. Qc3 Kg8 28. Nxe6 Qxe6 29. g6 Nf6 30. Bxf6 Rxf6 31. e5 dxe5 32. Rxe5 Qg4 33. Re8+ 1-0

[Event "EU-ch Seniors 50 22nd"]
[Site "Acqui Terme"]
[Date "2023.05.26"]
[Round "1"]
[White "Atalik, Suat"]
[Black "Waddington, Mike P"]
[Result "1-0"]
[WhiteElo "2441"]
[BlackElo "1996"]
[PlyCount "71"]
[EventDate "2023.05.26"]
[EventType "swiss"]
[EventRounds "9"]
[EventCountry "ITA"]
[SourceTitle "CBM 214 Extra"]
[Source "ChessBase"]
[SourceDate "2023.07.31"]
[SourceVersion "1"]
[SourceVersionDate "2023.07.31"]
[SourceQuality "1"]

1. d4 Nf6 2. c4 c5 3. d5 b5 4. cxb5 a6 5. e3 g6 6. Nc3 Bg7 7. a4 0-0 8. Ra3 e6 9. Nh3 Bb7 10. Nf4 e5 11. Nh3 d6 12. e4 Nbd7 13. Ng5 axb5 14. Bxb5 Ba6 15. Qc2 Nh5 16. 0-0 Nf4 17. Nf3 Ra7 18. g3 Nh5 19. Nh4 Nf4 20. Bxa6 Rxa6 21. Nb5 Bf6 22. Nf3 Nh5 23. Bh6 Re8 24. Rb1 Qb6 25. Be3 Rc8 26. b4 Qd8 27. bxc5 Nxc5 28. Rc3 Qd7 29. Nxd6 Rxd6 30. Rxc5 Ra8 31. Rc6 Bg7 32. Rbb6 Rxc6 33. dxc6 Qc8 34. Rb7 Nf4 35. Bxf4 exf4 36. Qb3 1-0

[Event "BCF-chT4 2223 (4NCL)"]
[Site "England"]
[Date "2022.11.05"]
[Round "1.111"]
[White "Usher, Michael E"]
[Black "Waddington, Mike P"]
[Result "1-0"]
[WhiteElo "1721"]
[BlackElo "2112"]
[PlyCount "93"]
[EventDate "2022.11.05"]
[EventType "team-swiss"]
[EventRounds "11"]
[EventCountry "ENG"]
[SourceTitle "EXT 2024"]
[Source "ChessBase"]
[SourceDate "2023.10.10"]
[SourceVersion "1"]
[SourceVersionDate "2023.10.10"]
[SourceQuality "1"]
[WhiteTeam "Iceni III"]
[BlackTeam "Poole Patzers"]
[WhiteTeamCountry "ENG"]
[BlackTeamCountry "ENG"]

1. d4 Nf6 2. c4 c5 3. d5 b5 4. Nd2 b4 5. e4 d6 6. Bd3 g6 7. f4 Bg7 8. Ngf3 0-0 9. h3 Nh5 10. Nf1 e5 11. fxe5 dxe5 12. Be3 Nd7 13. Qd2 Nf4 14. Ng3 Bh6 15. 0-0 Qe7 16. Ne2 g5 17. Ng3 Nf6 18. Bc2 Rd8 19. Qf2 g4 20. Bxc5 Qe8 21. hxg4 Nxg4 22. Qe1 a5 23. Nh4 f6 24. Qd1 Bg5 25. Nhf5 Bxf5 26. exf5 h5 27. Ne4 Rac8 28. d6 Rxc5 29. Nxc5 Rxd6 30. Qe1 Rd2 31. Qxd2 Nh3+ 32. gxh3 Bxd2 33. Ne4 Be3+ 34. Kg2 Qc6 35. hxg4 hxg4 36. Rad1 Bd4 37. b3 Kg7 38. Rh1 a4 39. Rh4 axb3 40. axb3 Qa6 41. Rxg4+ Kf7 42. Rg6 Qa2 43. Rxf6+ Ke7 44. Re6+ Kd7 45. Rd2 Qa1 46. Bd1 Qa8 47. Rxe5 1-0

[Event "Guernsey op 46th"]
[Site "St James"]
[Date "2022.10.22"]
[Round "7"]
[White "Onslow, Alfie"]
[Black "Waddington, Mike P"]
[Result "1-0"]
[WhiteElo "2115"]
[BlackElo "2027"]
[PlyCount "89"]
[EventDate "2022.10.16"]
[EventType "swiss"]
[EventRounds "7"]
[EventCountry "GCI"]
[SourceTitle "EXT 2024"]
[Source "ChessBase"]
[SourceDate "2023.10.10"]
[SourceVersion "1"]
[SourceVersionDate "2023.10.10"]
[SourceQuality "1"]

1. e4 c5 2. Nf3 Nc6 3. d4 cxd4 4. Nxd4 g6 5. c4 Nf6 6. Nc3 Nxd4 7. Qxd4 Bg7 8. Be3 0-0 9. Qd2 d6 10. f3 a5 11. b3 Bd7 12. Be2 Bc6 13. Rc1 Nd7 14. 0-0 Nc5 15. Rfd1 Be5 16. Qc2 Qb8 17. Nd5 Re8 18. f4 Bg7 19. Bf3 e6 20. Nb6 Ra6 21. Na4 Nxa4 22. bxa4 f5 23. Rb1 Qc7 24. c5 dxc5 25. Qxc5 Bf8 26. Qc4 Qf7 27. e5 Bxf3 28. gxf3 Bb4 29. Qb5 Rc6 30. Rd3 Re7 31. a3 Bc3 32. Bc5 Rec7 33. Bd6 Rc8 34. Qxb7 Qxb7 35. Rxb7 Be1 36. Be7 Rc1 37. Kg2 R1c2+ 38. Kh3 Bd2 39. Bg5 Bc1 40. Rdd7 Bxa3 41. Rxh7 R8c3 42. Kg3 Bc5 43. Bf6 Bf2+ 44. Kh3 Rxf3+ 45. Kg2 1-0

[Event "Guernsey op 46th"]
[Site "St James"]
[Date "2022.10.21"]
[Round "6"]
[White "Waddington, Mike P"]
[Black "Simons, Sebastiaan"]
[Result "1-0"]
[WhiteElo "2027"]
[BlackElo "1771"]
[PlyCount "69"]
[EventDate "2022.10.16"]
[EventType "swiss"]
[EventRounds "7"]
[EventCountry "GCI"]
[SourceTitle "EXT 2024"]
[Source "ChessBase"]
[SourceDate "2023.10.10"]
[SourceVersion "1"]
[SourceVersionDate "2023.10.10"]
[SourceQuality "1"]

1. e4 Nf6 2. e5 Nd5 3. d4 d6 4. Nf3 dxe5 5. Nxe5 c6 6. c4 Nb4 7. Na3 Bf5 8. Be2 Nd7 9. Nf3 e6 10. 0-0 Be7 11. Bf4 0-0 12. Qb3 b6 13. Rfd1 h6 14. Rd2 g5 15. Be3 a5 16. Ne1 a4 17. Qd1 Bh7 18. Nac2 f5 19. f3 f4 20. Bf2 Nf6 21. a3 Nxc2 22. Nxc2 Qc7 23. Bd3 Bxd3 24. Rxd3 b5 25. Qe2 Kf7 26. Re1 Qd7 27. d5 exd5 28. cxd5 Nxd5 29. Qe4 Rh8 30. Nd4 Bf6 31. Nxc6 Qxc6 32. Rxd5 Rae8 33. Qf5 Re7 34. Rxe7+ Kxe7 35. Bc5+ 1-0

[Event "Guernsey op 46th"]
[Site "St James"]
[Date "2022.10.19"]
[Round "4"]
[White "Waddington, Mike P"]
[Black "Fryer, David W"]
[Result "1-0"]
[WhiteElo "2027"]
[BlackElo "1876"]
[PlyCount "47"]
[EventDate "2022.10.16"]
[EventType "swiss"]
[EventRounds "7"]
[EventCountry "GCI"]
[SourceTitle "EXT 2024"]
[Source "ChessBase"]
[SourceDate "2023.10.10"]
[SourceVersion "1"]
[SourceVersionDate "2023.10.10"]
[SourceQuality "1"]

1. e4 e5 2. Nf3 Nc6 3. d4 exd4 4. Nxd4 Qh4 5. Nc3 Bb4 6. Be2 Qxe4 7. Ndb5 Bxc3+ 8. bxc3 Kd8 9. 0-0 a6 10. Nd4 Nxd4 11. cxd4 Qe8 12. Re1 Ne7 13. c4 d6 14. Bf3 Qd7 15. Rb1 Rb8 16. d5 h6 17. Qd4 Re8 18. Bb2 c5 19. dxc6 bxc6 20. Bc3 Bb7 21. Qxg7 Ng6 22. Ba5+ Kc8 23. Rxe8+ Qxe8 24. Bg4+ 1-0